| 000 | 00350nam a2200133Ia 4500 | ||
|---|---|---|---|
| 008 | 230917s9999||||xx |||||||||||||| ||und|| | ||
| 040 |
_e159750 _aMAIN |
||
| 041 | _aEnglish | ||
| 082 | _a352.054 K128G | ||
| 100 | _aKamal Singh | ||
| 245 | 0 | _aGram panchayaton mein anusuchit jati ka netratava: Jila stariya adhyayan | |
| 300 | _a112 p. | ||
| 942 | _cTH | ||
| 999 |
_c71947 _d71947 |
||